000 00453 a2200133 4500
001 ART_12412
005 20260410161906.0
008 260409a
245 1 0 _aA survey of frontier production functions and of their relationship to efficiency measurement
100 1 _aFørsund, Finn Ragnar
700 1 _aLovell, Knox C. A.
700 1 _aSchmidt, Peter
773 0 _tJournal of econometrics
_g- Vol. 13, Nº 1 (may. 1980)
_wREV11720
999 _c26341
_d26341